000 02774nam a2200457 c 4500
001 52464
003 ES-MaCES
005 20250203133959.0
007 cr |||||||||||
008 220829s2021 lu |r i100 | eng d
020 _a9789294829412 (pdf)
040 _aES-MaCES
_bspa
_cES-MaCES
245 0 0 _aGender Equality Index 2021
_hRecurso electrónico
_b: health
_cEuropean Institute for Gender Equality (EIGE) ; [authors, Davide Barbieri ... et al.]
260 _aLuxembourg
_bPublications Office of the European Union
_c2021
300 _a1 documento pdf
_e(4,07 mb)
504 _aBibliografía: p. 134-162
520 3 _aDesde 2013, el Índice de Igualdad de Género ha sido reconocido por las instituciones de la UE y los Estados miembros como un punto de referencia clave para la igualdad de género en la UE. La sexta edición del Índice cubre una gama de indicadores en los dominios de la sociedad y la vida más afectados por la crisis de COVID-19. Aunque los puntajes del Índice se basan principalmente en datos de 2019 y, por lo tanto, no pueden capturar el impacto total de la crisis en la igualdad de género, el informe brinda amplia evidencia de las repercusiones negativas de la pandemia en las mujeres en los dominios de trabajo, dinero, conocimiento, tiempo, poder y salud. También aborda el aumento de la violencia contra las mujeres y cómo los grupos de mujeres y hombres más desfavorecidos y marginados de la sociedad han soportado la peor parte del impacto. La salud, el enfoque temático de este informe, explora tres dimensiones adicionales: el estado de salud (incluida la salud mental), los comportamientos de salud y el acceso a los servicios de salud. También proporciona un análisis interseccional y de género de la SSR y la pandemia de COVID-19.
541 _cGratuito
650 4 _amujeres
_928657
650 4 _aCovid-19
_939751
650 4 _aevaluación del impacto
_930732
650 4 _asalud
_928680
650 4 _aestado de salud
_930671
650 4 _aservicio de salud
_927058
650 4 _adiscriminación por razones de sexo
_929521
650 4 _adiferencia del salario
_929458
650 4 _aacoso sexual
_929555
650 4 _afactor tiempo
_928906
650 4 _aigualdad de oportunidades
_927183
650 4 _aUE
_926752
650 4 _apaís de la UE
_929020
650 4 _a2021
_939925
650 4 _ainforme
_928986
653 1 0 _aMujer
700 1 _940502
_aBarbieri, Davide
710 2 _938913
_aInstituto Europeo de la Igualdad de Género
856 4 _uhttps://doi.org/10.2839/834132
_yhttps://doi.org/10.2839/834132
_z[muestra la serie completa]
856 4 _uhttp://biblioteca.ces.es/repintra/B52464.pdf
_ytexto completo
_z[intranet]
902 _aELE PUB. ELECTRONICA
942 _2CES
_cBK
_h3.3.
999 _c52464
_d52464